عرض عادي
عرض مارك
- Karlin, Daniel,
مدخل إسم شخص
001 - رقم الضبط
- حقل الضبط: 6826
003 - معرف رقم الضبط
- حقل الضبط: OSt
005 - تاريخ ووقت أخر عملية
- حقل الضبط: 20111203122221.0
008 - عناصر بيانات ثابتة الطول
- حقل تحكم ثابت الطول: 111203|||a|||||| | ||| d
040 ## - مصدر الفهرسة
- هيئة الفهرسة الأصلية: OSt
- وكالة الكتابة: OSt
100 ## - مدخل -- أسم شخص
- إسم شخص: Karlin, Daniel,
- تواريخ مرتبطة بالاسم: 1953-
670 ## - بيانات المصدر موجوده
- الاستشهاد بالمصدر: Work cat.: (OSt)0: Omar Khayyam. 6823, Rubáiyát of Omar Khayyám :, 2010.
